1443 1735 1458 1643 1111 1389 1033 1712 1843 1778 1331 1421 1929 1489 1529 1878 1300 1161 1554 1162 1035 1854 1177 1836 1371 1302 1028 1813 1919 1427 1446 1421 1918 1504 1387 1136 1218 1492 1555 1416 1941 1630 1441 1926 1745 1809 1658 1938 1812 1046 1108 1623 1173 1723 1441 1656 1856 1351 1728 1657 1630 1664 1695 1863 1043 1706 1093 1479 1443 1995 1339 1266 1936 1492 1894 1134 1615 1811 1400 1816 1584 1595 1851 1944 1275 1177 1588 1810 1061 1185 1452 1479 1118 1375 1964 1962 1713 1223 1630 BCNSPRNW ULIB Ver.6.0+V

เปลี่ยนเป็นภาษาไทย

Change to English
 แสดงรายละเอียดบรรณานุกรม
  กลับหน้าหลัก

Brief Record : Get Marc (ISO 2709) : E-mail record : QR code < ปิดหน้าต่าง
LEADER : 00000nam 2200000uu 4500
001    13399109624
003     ULIB
008    110407s2551||||th 000 0 tha d
020    9789744514318
060 04 WB550^bส691ด 2551
245 00 ดนตรีบำบัด /^cบรรณาธิการ บุษกร สำโรงทอง ... [และคนอื่นๆ]
246 30 เอกสารวิชาการเรื่องดนตรีบำบัด
250    พิมพ์ครั้งที่ 1
260    กรุงเทพฯ :^bสำนักการแพทย์ทางเลือกกรมพัฒนาการแพทย์แผนไทยและการแพทย์ทางเลือก กระทรวงสาธารณสุข,^c2551
300    179 หน้า :^bภาพประกอบ ;^c26 ซม.
650  7 การแพทย์ทางเลือก
650  7 การรักษาด้วยดนตรี
650  7 ดนตรีบำบัด
700 0  บุษกร สำโรงทอง,^eบรรณาธิการ
710 2  กรมพัฒนาการแพทย์แผนไทยและการแพทย์ทางเลือก.^bสำนักการแพทย์ทางเลือก
945    ^p0^l0^i025187
945    ^p0^l0^i025186
995    ทศพร
999 ^a ใช้งานได้ทุกระบบ
รายการนี้ยังไม่มีแท็ก
คุณยังไม่ได้ล็อกอิน คุณสามารถมีกิจกรรมร่วมกับเว็บไซต์ได้ แต่ต้องล็อกอินก่อน ::
  ล็อกอิน

รายการสื่อสารสนเทศ

ลำดับที่ ประเภท เลขเรียก/บาร์โค้ด สถานที่ สถานะ
- ไม่พบข้อมูล -

รายการใกล้เคียง
    หัวเรื่อง [การแพทย์ทางเลือก]
    หัวเรื่อง [ดนตรีบำบัด]

BibComment


ยังไม่เคยถูกคอมเมนท์

คอมเมนท์ทรัพยากรรายการนี้
  คอมเมนท์: ดนตรีบำบัด บรรณา..


 Copyright 2026. Bcnsprnw @Library